Регионална библиотека "Любен Каравелов" - Русе

Румънска граматика (Запис номер 23830)

MARC детайли
000 -Лидер
Контролно поле с фиксирана дължина 01346nam a2200349 c 4500
003 - Код на организацията, давaща контролен номер
Контролно поле BLK
005 - Дата и час на последна редакция
Контролно поле 20250725114520.0
008 - Елементи от данни с фиксирана дължина
fixed length control field 180413b bul|||||r ||||||| ||bul||
010 ## - Наследен системен номер
LC control number KNG00026316000
020 ## - Международен стандартен номер на книга ISBN
Международен стандартен номер на книга ISBN 954-02-0212-4
-- издат.: Наука и изкуство
020 ## - Международен стандартен номер на книга ISBN
Международен стандартен номер на книга ISBN 978-954-02-0212-9
-- издат.: Наука и изкуство
040 ## - Източник на каталожния запис
Идентификатор на билиотеката - собственик на записа BLK
041 ## - Код за език
Код за езика на текст/звукозапис или на отделно заглавие Румънски
Код за езика КДБФ Други
Други езици Български
080 ## - УДК
Текстов определител УДК Румънски език. Арумънски език
УДК код - определител по УДК 811.133.2
УДК определител -5
УДК - код + определител 811.133.2-5
100 1# - Редна дума - Автор
Автор Стоянова, Даниела Николаева
Авторска отговорност първи автор
R(LIN) 267305
139 ## - Редно поле
Редна дума Стоянова, Даниела Николаева
Авторски знак Стоя - С 83
245 10 - Сведения за заглавието
Заглавие Румънска граматика
Редно поле (дума) Даниела Николаева Стоянова.
257 ## - Страна на издаване
Страна на създаване/издаване България
260 ## - Област на издателските данни
-- София
Име на издателя, разпространителя и проч. Наука и изкуство
Година на издаване 1998
300 ## - Физическа характеристика
Страници 231 с.
Размери/Мащаб 20 см
380 ## - Жанр
Жанр Езикознание. Филология
500 ## - Общи забележки
Забележка Доп. тир. 2005, 2008.
650 #4 - Допълнително описание по предмет – тема
Основно описание – тема или топоним Румънски език - граматика
9 (RLIN) 267306
653 ## - Ключова дума – ненормативна
Ключова дума граматика
653 ## - Ключова дума – ненормативна
Ключова дума румънски език
852 ## - Местоположение
Форматна сигнатура Цб 199476
856 4# - Електронен адрес и достъп
Електронен формат pdf - файл
Път до файла /url/
856 4# - Електронен адрес и достъп
Електронен формат pdf - файл
Път до файла /url/
942 ## - АРТИКУЛИ
Вид на библиотечния материал Книги
Скрит в OPAC Не
Koha issues (borrowed), all copies 14
944 ## - СЪЗДАВАНЕ И РЕДАКЦИЯ на ЗАПИСА
Създаване/Редакция Създаване
Дата на регистрацията/редакция 15.01.2003
Статус, дата на статуса Теодора Пейчева-Дянкова
Служител, извършил регистрацията/редакцията 30556
944 ## - СЪЗДАВАНЕ И РЕДАКЦИЯ на ЗАПИСА
Създаване/Редакция Редакция
Дата на регистрацията/редакция 29.09.2017
Статус, дата на статуса ф /
Служител, извършил регистрацията/редакцията Людмила_Стоянова
999 ## - СИСТЕМНИ КОНТРОЛНИ НОМЕРА
Koha biblionumber 23830
Koha biblioitemnumber 23830
Наличности
Код за отписване Код за изгубен артикул Източник на класификационната схема Код за повреда Коз за рестрикции Код за отдаване Артикулен № Име на библиотеката - собственик Име на библиотеката, в която се намира в момента Статус (Текущо местоположение) Дата на вписване в системата Местоположение - отдел Цена в лева Инвентарен номер Систематично азбучна сигнатура Баркод Номер на екземпляра Цена в евро Служебна бележка Служебен тип на артикула
  Не е изгубен Universal Decimal Classification Не е повреден без рестрикции ползва се в читалня 39346 Регионална библиотека "Любен Каравелов" Русе Регионална библиотека "Любен Каравелов" Русе Хранилище 2001-01-01 Хранилище 0.00 646343 Цб 199476 120000646343 1 0.00 Дост: Dp Вид: Д N: стар фонд Дата: 01.01.1998 Книги
  Не е изгубен   Не е повреден без рестрикции заемане за дома 39347 Регионална библиотека "Любен Каравелов" Русе Регионална библиотека "Любен Каравелов" Русе ЧЧЗО - англ. ез. - Британски съвет 2001-01-01 ЧЧЗО - англ. ез. - Британски съвет 0.00 660331 Ч3 802/809/С 83 660331 2 0.00 Дост: Pk Вид: Ф N: стар фонд Дата: 01.01.1998 Дата инв: 20.03.2015 Бележки инв: Ч32015 Книги
  Не е изгубен   Не е повреден без рестрикции заемане за дома 39348 Регионална библиотека "Любен Каравелов" Русе Регионална библиотека "Любен Каравелов" Русе ЧЧЗО - англ. ез. - Британски съвет 2001-01-01 ЧЧЗО - англ. ез. - Британски съвет 0.00 660332 Ч3 802/809/С 83 660332 3 0.00 Дост: Pk Вид: Ф N: стар фонд Дата: 01.01.1998 Дата инв: 20.03.2015 Бележки инв: Ч32015 Книги
  Не е изгубен   Не е повреден без рестрикции заемане за дома 39349 Регионална библиотека "Любен Каравелов" Русе Регионална библиотека "Любен Каравелов" Русе ЧЧЗО - англ. ез. - Британски съвет 2008-12-10 ЧЧЗО - англ. ез. - Британски съвет 10.00 120000732043 Ч3 802/809/С 83 120000732043 4 5.11 Дост: Pk Вид: Ф N: 11851 Дата: 07.12.2008 Книги
  Не е изгубен Universal Decimal Classification Не е повреден без рестрикции заемане за дома 39350 Регионална библиотека "Любен Каравелов" Русе Регионална библиотека "Любен Каравелов" Русе ЧЧЗО - англ. ез. - Британски съвет 2008-12-10 ЧЧЗО - англ. ез. - Британски съвет 10.00 120000732044 Ч3 802/809/С 83 120000732044 5 5.11 Дост: Pk Вид: Ф N: 11851 Дата: 07.12.2008 Книги
  Не е изгубен   Не е повреден без рестрикции заемане за дома 39351 Регионална библиотека "Любен Каравелов" Русе Регионална библиотека "Любен Каравелов" Русе ЧЧЗО - англ. ез. - Британски съвет 2008-12-10 ЧЧЗО - англ. ез. - Британски съвет 10.00 120000732045 Ч3 802/809/С 83 120000732045 6 5.11 Дост: Pk Вид: Ф N: 11851 Дата: 07.12.2008 Книги
  Не е изгубен   Не е повреден без рестрикции заемане за дома 39352 Регионална библиотека "Любен Каравелов" Русе Регионална библиотека "Любен Каравелов" Русе ЧЧЗО - англ. ез. - Британски съвет 2008-12-10 ЧЧЗО - англ. ез. - Британски съвет 10.00 120000732046 Ч3 802/809/С83 120000732046 7 5.11 Дост: Pk Вид: Ф N: 11851 Дата: 07.12.2008 Дата инв: 20.03.2015 Бележки инв: Ч32015 Книги
  Не е изгубен Universal Decimal Classification Не е повреден без рестрикции заемане за дома 39353 Регионална библиотека "Любен Каравелов" Русе Регионална библиотека "Любен Каравелов" Русе ЧЧЗО - англ. ез. - Британски съвет 2017-07-20 ЧЧЗО - англ. ез. - Британски съвет 10.00 120000813781 Ч3 802/809/С 83 120000813781 8 5.11 Дост: DA Вид: А N: 32 Дата: 20.07.2017 Книги
Vip Innovations Ltd, Rousse, Bulgaria 2025